[Event "Bullet Chess Championship"]
[Site "Chess.com INT"]
[Date "2023.07.19"]
[Round "21"]
[White "Magnus Carlsen"]
[Black "Alireza Firouzja"]
[Result "0-1"]
[EventDate "?"]
[WhiteElo "2835"]
[BlackElo "2777"]
[PlyCount "64"]

1. g3 e5 2. c4 c6 3. Bg2 d5 4. Nf3 e4 5. Nd4 dxc4 6. Nc2 Nf6 7. Nc3 Bf5 8. O-O Bg6 9. Ne3 b5 10. b3 cxb3 11. Qxb3 Nbd7 12. Bb2 Nc5 13. Qc2 Be7 14. Rfc1 O-O 15. Ncd1 a5 16. Bxf6 gxf6 17. g4 Ne6 18. Nf5 Bxf5 19. gxf5 Nd4 20. Qxe4 Ba3 21. Rc3 Bb4 22. Rh3 Re8 23. Qg4+ Kf8 24. e3 Nc2 25. Rxh7 Nxa1 26. Bxc6 Ke7 27. Bxb5 Rg8 28. Rg7 Rxg7 29. Qxg7 Qg8 30. Qxg8 Rxg8+ 31. Kf1 Rb8 32. Ke2 Rxb5 0-1

[Event "Bullet Chess Championship"]
[Site "Chess.com INT"]
[Date "2023.07.19"]
[Round "21"]
[White "Alireza Firouzja"]
[Black "Magnus Carlsen"]
[Result "0-1"]
[EventDate "?"]
[WhiteElo "2777"]
[BlackElo "2835"]
[PlyCount "106"]

1. e4 e5 2. Nf3 Nc6 3. Bb5 Nf6 4. O-O Bc5 5. c3 O-O 6. d4 Bb6 7. Bg5 h6 8. Bh4 d6 9. Bxc6 bxc6 10. dxe5 dxe5 11. Qxd8 Rxd8 12. Nxe5 g5 13. Bg3 Nxe4 14. Na3 f5 15. Rfe1 Nxg3 16. hxg3 Rd2 17. Rf1 Rxb2 18. Nac4 Rc2 19. Rac1 Rxc1 20. Rxc1 Be6 21. a4 Rd8 22. Nxc6 Re8 23. Nxb6 axb6 24. Nd4 Bd7 25. Ra1 Ra8 26. c4 Kf7 27. Nb5 c6 28. Nc3 Be6 29. Rb1 Ra6 30. c5 bxc5 31. Rb7+ Kf6 32. f4 Ra8 33. Rh7 Kg6 34. Re7 Bd5 35. Re5 Rb8 36. Nxd5 cxd5 37. Rxd5 Rb1+ 38. Kf2 Rc1 39. a5 Rc2+ 40. Ke3 Rxg2 41. Kf3 Rc2 42. a6 g4+ 43. Ke3 Rc3+ 44. Kf2 Rc2+ 45. Ke3 Rg2 46. Rd6+ Kh5 47. a7 Rxg3+ 48. Kd2 Ra3 49. Rd7 g3 50. Rg7 Kh4 51. Ke2 Kh3 52. Rg6 h5 53. Rh6 h4 0-1

[Event "Bullet Chess Championship"]
[Site "Chess.com INT"]
[Date "2023.07.19"]
[Round "21"]
[White "Magnus Carlsen"]
[Black "Alireza Firouzja"]
[Result "1-0"]
[EventDate "?"]
[WhiteElo "2835"]
[BlackElo "2777"]
[PlyCount "144"]

1. d4 Nf6 2. c4 g6 3. Nc3 Bg7 4. e4 d6 5. f3 O-O 6. Be3 c5 7. Nge2 Nc6 8. Qd2 e6 9. Rd1 Qa5 10. d5 Ne5 11. Ng3 exd5 12. exd5 Re8 13. Be2 h5 14. O-O h4 15. Nge4 Qb6 16. Bg5 Nxe4 17. Nxe4 Nd7 18. Bxh4 f5 19. Ng5 Qxb2 20. Ne6 Nb6 21. Bd3 Bxe6 22. dxe6 Qxd2 23. Rxd2 Rxe6 24. g4 fxg4 25. fxg4 Rf8 26. Rxf8+ Kxf8 27. Kg2 Bd4 28. Bg3 Nd7 29. Re2 Rxe2+ 30. Bxe2 Be5 31. Bf2 Bd4 32. Bg3 Ne5 33. h4 Kg7 34. g5 Kf7 35. Bf4 Ke6 36. Kg3 d5 37. cxd5+ Kxd5 38. h5 gxh5 39. Bxh5 c4 40. g6 Nd3 41. Bh6 c3 42. Bd1 Nc5 43. g7 Bxg7 44. Bxg7 Kc4 45. Bc2 b5 46. Kf3 b4 47. Ke3 a5 48. Bf8 a4 49. Bxc5 b3 50. Bd3+ Kxc5 51. a3 Kd5 52. Bb5 Kc5 53. Ba6 Kd5 54. Kd3 Kc5 55. Kxc3 Kb6 56. Bc4 Kc5 57. Bf7 Kb6 58. Be8 Ka5 59. Bd7 Kb6 60. Bxa4 b2 61. Bc2 Ka5 62. Kxb2 Kb6 63. Kc3 Ka7 64. Kb3 Kb6 65. a4 Ka7 66. Kb4 Kb8 67. a5 Ka7 68. Kb5 Kb8 69. Kb6 Ka8 70. a6 Kb8 71. a7+ Ka8 72. Be4# 1-0

[Event "Bullet Chess Championship"]
[Site "Chess.com INT"]
[Date "2023.07.19"]
[Round "21"]
[White "Alireza Firouzja"]
[Black "Magnus Carlsen"]
[Result "1-0"]
[EventDate "?"]
[WhiteElo "2777"]
[BlackElo "2835"]
[PlyCount "36"]

1. e4 c5 2. Nf3 d6 3. d4 cxd4 4. Nxd4 Nf6 5. Nc3 g6 6. Be3 a6 7. f3 Bg7 8. Qd2 h5 9. Be2 b5 10. O-O O-O 11. a4 b4 12. Na2 a5 13. c3 bxc3 14. Nxc3 Ba6 15. Ncb5 Nbd7 16. Nc6 Qe8 17. Nc7 Qc8 18. Nxe7+ 1-0

[Event "Bullet Chess Championship"]
[Site "Chess.com INT"]
[Date "2023.07.19"]
[Round "21"]
[White "Magnus Carlsen"]
[Black "Alireza Firouzja"]
[Result "1-0"]
[EventDate "?"]
[WhiteElo "2835"]
[BlackElo "2777"]
[PlyCount "106"]

1. d4 Nf6 2. c4 e6 3. Nc3 d5 4. cxd5 exd5 5. Bg5 c6 6. e3 h6 7. Bh4 Be7 8. Bd3 O-O 9. Nge2 Re8 10. O-O Nbd7 11. f3 b5 12. Rc1 Bb7 13. Bf2 Rc8 14. Ng3 b4 15. Na4 c5 16. dxc5 Nxc5 17. Nxc5 Bxc5 18. Qd2 Qb6 19. Nf5 Ba6 20. Bxa6 Qxa6 21. b3 Qe6 22. Nd4 Bxd4 23. Qxd4 a5 24. Bg3 Rxc1 25. Rxc1 Qxe3+ 26. Qxe3 Rxe3 27. Kf2 Rc3 28. Rxc3 bxc3 29. Ke3 g5 30. Kd3 d4 31. Bf2 Nd5 32. Bxd4 Nf4+ 33. Kxc3 Nxg2 34. Bb6 Nh4 35. Bxa5 Nxf3 36. Bc7 Kf8 37. a4 Ke7 38. b4 Kd7 39. Bg3 f5 40. h3 f4 41. Bf2 h5 42. Kd3 Ne5+ 43. Ke4 Nc4 44. b5 Kc7 45. Kf5 g4 46. hxg4 hxg4 47. Kxg4 Nb2 48. a5 Nc4 49. a6 Nd6 50. b6+ Kc6 51. Kxf4 Nb5 52. b7 Nc7 53. b8=Q 1-0

[Event "Bullet Chess Championship"]
[Site "Chess.com INT"]
[Date "2023.07.19"]
[Round "21"]
[White "Alireza Firouzja"]
[Black "Magnus Carlsen"]
[Result "0-1"]
[EventDate "?"]
[WhiteElo "2777"]
[BlackElo "2835"]
[PlyCount "82"]

1. e4 e5 2. Nf3 Nc6 3. Bb5 a6 4. Ba4 d6 5. c3 g6 6. d4 Bd7 7. O-O Bg7 8. Re1 Nf6 9. h3 O-O 10. Bc2 Re8 11. Nbd2 exd4 12. cxd4 Nb4 13. Bb1 c5 14. d5 a5 15. a3 Na6 16. a4 b5 17. Bd3 c4 18. Bf1 Nc5 19. axb5 Bxb5 20. Bxc4 Bxc4 21. Nxc4 Nfxe4 22. Be3 a4 23. Bd4 Nb3 24. Bxg7 Nxa1 25. Bh6 Nb3 26. Qd3 Nec5 27. Qc3 Rxe1+ 28. Nxe1 f6 29. Nf3 Qe7 30. Nh2 Re8 31. Ne3 Qe5 32. Qb4 f5 33. Nf3 Qe7 34. Nc4 Qb7 35. Qc3 Ne4 36. Qd3 Qa7 37. Be3 Qc7 38. h4 Nbc5 39. Qc2 Nb3 40. h5 Rc8 41. hxg6 hxg6 0-1

[Event "Bullet Chess Championship"]
[Site "Chess.com INT"]
[Date "2023.07.19"]
[Round "21"]
[White "Magnus Carlsen"]
[Black "Alireza Firouzja"]
[Result "0-1"]
[EventDate "?"]
[WhiteElo "2835"]
[BlackElo "2777"]
[PlyCount "114"]

1. e4 e5 2. Nf3 Nc6 3. Nc3 Nf6 4. a3 Be7 5. d4 exd4 6. Nxd4 d6 7. Bc4 O-O 8. O-O Re8 9. Re1 Bf8 10. Bg5 h6 11. Bh4 Ne5 12. Bb3 Ng6 13. Bg3 Bd7 14. h3 a6 15. f4 c5 16. Nf3 b5 17. f5 Ne5 18. Nxe5 dxe5 19. Bd5 Nxd5 20. Nxd5 Bc6 21. Qf3 Bxd5 22. exd5 f6 23. Qe4 c4 24. a4 Qd7 25. axb5 axb5 26. Bf2 Red8 27. Rxa8 Rxa8 28. b3 cxb3 29. cxb3 Rc8 30. Rd1 Bd6 31. Qd3 b4 32. Be1 Qa7+ 33. Bf2 Qa2 34. Qg3 Rc3 35. Qg6 Rc8 36. Qg3 Qc2 37. Ra1 Qxf5 38. Ra7 Qg5 39. Qxg5 hxg5 40. Rd7 Bf8 41. d6 Rc1+ 42. Kh2 Rc6 43. Rd8 Rxd6 44. Rc8 Rd5 45. Kg3 Kf7 46. Kf3 Be7 47. Ke4 Ke6 48. Rc6+ Bd6 49. g4 g6 50. Be3 f5+ 51. gxf5+ gxf5+ 52. Kf3 e4+ 53. Ke2 f4 54. Bd2 Rd4 55. Be1 Kd5 56. Rb6 f3+ 57. Ke3 Bc5 0-1

[Event "Bullet Chess Championship"]
[Site "Chess.com INT"]
[Date "2023.07.19"]
[Round "21"]
[White "Alireza Firouzja"]
[Black "Magnus Carlsen"]
[Result "1-0"]
[EventDate "?"]
[WhiteElo "2777"]
[BlackElo "2835"]
[PlyCount "92"]

1. e4 e6 2. d4 b6 3. Nc3 Bb7 4. Bd3 Nf6 5. Nge2 c5 6. dxc5 Bxc5 7. O-O d6 8. a3 d5 9. e5 Nfd7 10. b4 Be7 11. f4 Nc6 12. Be3 a5 13. b5 Ncb8 14. Nd4 g6 15. Qg4 Nc5 16. Qh3 Nbd7 17. Nce2 Rc8 18. Rad1 Qc7 19. Ng3 Ne4 20. Nxe4 dxe4 21. Be2 Qc3 22. Kh1 Nc5 23. f5 exf5 24. Nxf5 gxf5 25. Qxf5 Rf8 26. Bh6 Rc7 27. Bh5 Qc4 28. Bxf8 Bxf8 29. Qf6 Bd5 30. e6 Re7 31. Bxf7+ Kd8 32. Qe5 Kc8 33. Qxd5 Qxd5 34. Rxd5 Kc7 35. Re1 Bg7 36. Rxc5+ bxc5 37. Rxe4 Kb6 38. a4 Kc7 39. g3 Kd6 40. Kg2 Kd5 41. Kf3 c4 42. Re2 Bd4 43. Rd2 Kc5 44. Ke4 Bf6 45. Kf5 Kb4 46. Kxf6 1-0

[Event "Bullet Chess Championship"]
[Site "Chess.com INT"]
[Date "2023.07.19"]
[Round "21"]
[White "Magnus Carlsen"]
[Black "Alireza Firouzja"]
[Result "1/2-1/2"]
[EventDate "?"]
[WhiteElo "2835"]
[BlackElo "2777"]
[PlyCount "134"]

1. e4 e5 2. Nf3 Nc6 3. Bc4 Nf6 4. d3 Be7 5. O-O O-O 6. Re1 d6 7. a4 h6 8. Nc3 Re8 9. Nd5 Bf8 10. c3 Be6 11. b4 Bxd5 12. exd5 Ne7 13. Bb5 c6 14. dxc6 bxc6 15. Bc4 d5 16. Ba2 Ng6 17. b5 Qd7 18. h3 cxb5 19. axb5 Qxb5 20. c4 dxc4 21. Bxc4 Qd7 22. Bb2 Bd6 23. Qa4 Qxa4 24. Rxa4 e4 25. dxe4 Nxe4 26. Bd5 Nc5 27. Ra2 Rxe1+ 28. Nxe1 Re8 29. Bc3 Nf4 30. Bc4 Ne4 31. Ba5 Rc8 32. Bf1 Rc1 33. g3 Nd5 34. Kg2 Ndc3 35. Bxc3 Nxc3 36. Ra6 Rxe1 37. Rxd6 Re7 38. Bc4 Ne4 39. Rc6 Kh7 40. h4 g6 41. Bd3 Kg7 42. Bxe4 Rxe4 43. Ra6 Re7 44. h5 gxh5 45. Kh3 Rb7 46. f4 Re7 47. Kh4 Rb7 48. Kxh5 Rc7 49. g4 Rc5+ 50. f5 Rc1 51. Kh4 Rh1+ 52. Kg3 Rg1+ 53. Kh3 Rh1+ 54. Kg2 Rb1 55. Rxa7 h5 56. gxh5 Rb5 57. Kg3 Rxf5 58. Kg4 Rf1 59. Ra4 Rg1+ 60. Kf5 Rf1+ 61. Kg5 Rg1+ 62. Kf5 Rf1+ 63. Rf4 Rxf4+ 64. Kxf4 Kh6 65. Kg4 f6 66. Kf5 Kxh5 67. Kxf6 1/2-1/2

[Event "Bullet Chess Championship"]
[Site "Chess.com INT"]
[Date "2023.07.19"]
[Round "21"]
[White "Alireza Firouzja"]
[Black "Magnus Carlsen"]
[Result "1-0"]
[EventDate "?"]
[WhiteElo "2777"]
[BlackElo "2835"]
[PlyCount "90"]

1. e4 Nf6 2. e5 Nd5 3. d4 Nb6 4. c4 d6 5. exd6 exd6 6. h3 Be7 7. Nf3 O-O 8. Nc3 c6 9. Bd3 Re8 10. O-O Na6 11. Re1 Nc7 12. Be3 d5 13. c5 Nd7 14. Qc2 Nf8 15. Ne5 Bf6 16. f4 Bxe5 17. fxe5 f6 18. exf6 Qxf6 19. Rf1 Qh4 20. Rae1 Bd7 21. Bf2 Qh6 22. Bg3 Nce6 23. Be5 Ng6 24. Bxg6 Qxg6 25. Qb3 Ng5 26. Kh2 Nf7 27. Bg3 b6 28. cxb6 axb6 29. Qxb6 h6 30. Qc7 Bf5 31. Rxe8+ Rxe8 32. a4 Re3 33. a5 Bd3 34. Re1 Rxe1 35. Bxe1 Ng5 36. Qg3 Qf5 37. Bd2 Ne6 38. Be3 Kh7 39. Na4 Qe4 40. b4 Bb5 41. Nc5 Nxc5 42. bxc5 Ba6 43. Bf4 Qg6 44. Be5 Qe4 45. Qxg7# 1-0

[Event "Bullet Chess Championship"]
[Site "Chess.com INT"]
[Date "2023.07.19"]
[Round "21"]
[White "Magnus Carlsen"]
[Black "Alireza Firouzja"]
[Result "1-0"]
[EventDate "?"]
[WhiteElo "2835"]
[BlackElo "2777"]
[PlyCount "66"]

1. d4 Nf6 2. c4 g6 3. Nc3 Bg7 4. e4 d6 5. f3 O-O 6. Be3 c5 7. Nge2 Nc6 8. Qd2 e6 9. Rd1 Qa5 10. d5 exd5 11. exd5 Ne5 12. Ng3 Re8 13. Be2 Qb4 14. b3 Nh5 15. Nce4 Nxg3 16. hxg3 Ng4 17. Qxb4 cxb4 18. Bd4 Bxd4 19. Rxd4 Ne3 20. Nf6+ Kf8 21. Kf2 Nf5 22. Nxe8 Nxd4 23. Nxd6 h5 24. Bd3 Ke7 25. Nxc8+ Rxc8 26. Ke3 Nf5+ 27. Bxf5 gxf5 28. Rxh5 Kf6 29. Kf4 Re8 30. Rxf5+ Kg6 31. Re5 Rh8 32. Re7 b6 33. Rxa7 1-0

[Event "Bullet Chess Championship"]
[Site "Chess.com INT"]
[Date "2023.07.19"]
[Round "21"]
[White "Alireza Firouzja"]
[Black "Magnus Carlsen"]
[Result "1/2-1/2"]
[EventDate "?"]
[WhiteElo "2777"]
[BlackElo "2835"]
[PlyCount "124"]

1. e4 e6 2. d4 d5 3. Nd2 c5 4. exd5 exd5 5. Ngf3 Nc6 6. Bb5 Bd6 7. dxc5 Bxc5 8. Nb3 Bb6 9. O-O Ne7 10. Re1 O-O 11. c3 Bg4 12. Be3 Bc7 13. h3 Bh5 14. Be2 Re8 15. Nfd4 Bg6 16. Bf3 a6 17. Nxc6 bxc6 18. Bc5 Nf5 19. Nd4 Qf6 20. Nxf5 Qxf5 21. Qd2 h5 22. b4 a5 23. a3 axb4 24. axb4 Rxa1 25. Rxa1 h4 26. Re1 Rxe1+ 27. Qxe1 Qf4 28. Qe3 Qh2+ 29. Kf1 Qh1+ 30. Ke2 Qb1 31. Qd2 Be5 32. Bd4 f6 33. Bg4 Qe4+ 34. Kf1 Qb1+ 35. Qd1 Qe4 36. Bxe5 fxe5 37. Qe1 Qf4 38. Kg1 d4 39. cxd4 exd4 40. Bf3 d3 41. Qe3 Qxe3 42. fxe3 d2 43. Bd1 Be4 44. Kf2 g5 45. g3 Bf5 46. gxh4 gxh4 47. Ke2 Bxh3 48. Kxd2 Bg2 49. Bg4 h3 50. Bxh3 Bxh3 51. Kd3 Bf1+ 52. Kd4 Bb5 53. Ke5 Kf7 54. Kd6 Ke8 55. e4 Kd8 56. e5 Ke8 57. e6 Kd8 58. e7+ Ke8 59. Ke6 Bf1 60. Kd6 Bb5 61. Ke6 Ba4 62. Kd6 Bb5 1/2-1/2

[Event "Bullet Chess Championship"]
[Site "Chess.com INT"]
[Date "2023.07.19"]
[Round "21"]
[White "Magnus Carlsen"]
[Black "Alireza Firouzja"]
[Result "1/2-1/2"]
[EventDate "?"]
[WhiteElo "2835"]
[BlackElo "2777"]
[PlyCount "176"]

1. e4 e5 2. Nc3 Nf6 3. Nf3 Nc6 4. a3 d5 5. Bb5 dxe4 6. Nxe5 Bd7 7. Bxc6 Bxc6 8. Nxc6 bxc6 9. Qe2 Bd6 10. Nxe4 O-O 11. Nxd6 Qxd6 12. O-O Rfe8 13. Qf3 Qd5 14. Qxd5 Nxd5 15. d4 Re2 16. c4 Nb6 17. b3 Nd7 18. Be3 Rb8 19. Rab1 Ra2 20. a4 Ra3 21. Bf4 Raxb3 22. Rxb3 Rxb3 23. Re1 f6 24. h4 Rb4 25. Re7 Nb6 26. Rxc7 Rxa4 27. d5 cxd5 28. c5 Rxf4 29. cxb6 axb6 30. g3 Rb4 31. Rb7 h5 32. Kg2 Kh7 33. Kf3 Kg6 34. Ke3 d4+ 35. Kd3 Rb2 36. Kxd4 Rxf2 37. Ke3 Rb2 38. Kf4 b5 39. Ke4 b4 40. Kf4 Rb1 41. Kf3 b3 42. Kf2 b2 43. Kg2 Kf5 44. Rb5+ Kg6 45. Rb7 Kh6 46. Rb6 Kg6 47. Rb5 Kf7 48. Rb7+ Ke6 49. Rb6+ Kd5 50. Rb5+ Kc4 51. Rb8 g5 52. g4 gxh4 53. gxh5 Kc3 54. Rc8+ Kd3 55. Rb8 Rc1 56. Rxb2 Rc5 57. Rb3+ Kc4 58. Rf3 Rxh5 59. Kh3 Kd5 60. Rxf6 Re5 61. Kxh4 Re4+ 62. Kg3 Re6 63. Rf5+ Re5 64. Rf1 Re4 65. Rd1+ Rd4 66. Ra1 Rc4 67. Ra5+ Rc5 68. Ra8 Rc4 69. Rd8+ Kc5 70. Re8 Kb4 71. Rb8+ Kc3 72. Rd8 Rb4 73. Re8 Rc4 74. Re3+ Kb4 75. Re1 Rc3+ 76. Kf4 Rb3 77. Re4+ Ka3 78. Re5 Rb4+ 79. Ke3 Rb3+ 80. Ke2 Ka2 81. Re8 Rb2+ 82. Kd3 Kb1 83. Kc4 Rc2+ 84. Kd3 Rb2 85. Re1+ Ka2 86. Re3 Rb3+ 87. Kd4 Rxe3 88. Kxe3 1/2-1/2

[Event "Bullet Chess Championship"]
[Site "Chess.com INT"]
[Date "2023.07.19"]
[Round "21"]
[White "Alireza Firouzja"]
[Black "Magnus Carlsen"]
[Result "1-0"]
[EventDate "?"]
[WhiteElo "2777"]
[BlackElo "2835"]
[PlyCount "80"]

1. d4 Nf6 2. Nc3 g6 3. e4 d6 4. Nf3 Bg7 5. Be2 O-O 6. O-O a6 7. a4 e6 8. h3 b6 9. Re1 Bb7 10. Bd3 Nc6 11. Bg5 h6 12. Be3 Kh7 13. Bc1 Nb4 14. Bf1 c5 15. Bd3 cxd4 16. Nxd4 Rc8 17. Nf3 d5 18. e5 Ne4 19. Ne2 Qc7 20. c3 Nxd3 21. Qxd3 Bxe5 22. Nxe5 Qxe5 23. Qe3 Qg7 24. Qxb6 Ba8 25. Be3 Rb8 26. Qxa6 Rxb2 27. f3 Nxc3 28. Nf4 e5 29. Nd3 Rc2 30. Bc5 Rg8 31. Nxe5 Ne2+ 32. Rxe2 Rxc5 33. Rae1 Rc7 34. Qd6 Rgc8 35. Nd7 Qd4+ 36. Kh2 Kg7 37. Re8 Rxe8 38. Rxe8 Rxd7 39. Qf8+ Kh7 40. Qg8# 1-0

[Event "Bullet Chess Championship"]
[Site "Chess.com INT"]
[Date "2023.07.18"]
[Round "13"]
[White "Alireza Firouzja"]
[Black "Olexandr Bortnyk"]
[Result "1-0"]
[EventDate "?"]
[WhiteElo "2777"]
[BlackElo "2607"]
[PlyCount "128"]

1. e4 Nf6 2. e5 Nd5 3. d4 d6 4. c4 Nb6 5. f4 dxe5 6. fxe5 Bf5 7. Nc3 e6 8. Be3 Bb4 9. a3 Qh4+ 10. Bf2 Qe4+ 11. Qe2 Bxc3+ 12. bxc3 Nxc4 13. Nf3 Qxe2+ 14. Bxe2 Nb6 15. O-O O-O 16. Nh4 Be4 17. Rfe1 Nc6 18. c4 Rad8 19. Bf1 Bg6 20. Nxg6 hxg6 21. Rab1 Nxd4 22. c5 Nc8 23. Rxb7 c6 24. Rc7 Rd5 25. Re4 Nb3 26. Rxc6 Nd2 27. Rd4 Rxd4 28. Bxd4 Nxf1 29. Kxf1 Ne7 30. Rd6 Rc8 31. Ke2 Nc6 32. Kd3 Kf8 33. Kc4 Ke8 34. Kb5 Ne7 35. c6 a6+ 36. Kb6 Rb8+ 37. Kxa6 Ra8+ 38. Kb7 Rxa3 39. c7 Rb3+ 40. Bb6 f6 41. Rd8+ Kf7 42. Rd7 Rc3 43. Ba5 Rc4 44. c8=Q Rxc8 45. Rxe7+ Kxe7 46. Kxc8 fxe5 47. Kc7 Kf6 48. Kc6 Kf5 49. Kd6 e4 50. Bb6 Kf4 51. Kxe6 g5 52. Kf7 g4 53. Kxg7 g3 54. h4 e3 55. h5 e2 56. Ba5 Kg5 57. Be1 Kf4 58. h6 Kg4 59. h7 Kf4 60. h8=Q Ke3 61. Qh3 Kd3 62. Qxg3+ Kc2 63. Qf3 Kd1 64. Qf2 1-0

[Event "Bullet Chess Championship"]
[Site "Chess.com INT"]
[Date "2023.07.18"]
[Round "13"]
[White "Olexandr Bortnyk"]
[Black "Alireza Firouzja"]
[Result "1-0"]
[EventDate "?"]
[WhiteElo "2607"]
[BlackElo "2777"]
[PlyCount "130"]

1. e4 c6 2. c4 d5 3. cxd5 cxd5 4. exd5 Nf6 5. Qa4+ Nbd7 6. Nc3 g6 7. Bc4 Bg7 8. d3 O-O 9. Nf3 a6 10. Qa3 Nb6 11. Qb3 Nbd7 12. a4 b6 13. O-O Bb7 14. Be3 Ng4 15. Rfe1 Nxe3 16. fxe3 Rc8 17. e4 Nc5 18. Qa3 e6 19. dxe6 fxe6 20. Rad1 Rxf3 21. gxf3 Qg5+ 22. Kh1 Qf4 23. Rf1 Be5 24. Rf2 Rf8 25. Rdf1 Qh4 26. Rg2 Qh3 27. d4 Bxd4 28. Ne2 Be5 29. Ng1 Qh4 30. b4 b5 31. axb5 axb5 32. Bxb5 Nxe4 33. fxe4 Bxe4 34. Rxf8+ Kxf8 35. Qh3 Qe1 36. Be2 Bd4 37. Bf3 Bf5 38. Qxh7 e5 39. Qh8+ Ke7 40. Qg7+ Kd6 41. Qf6+ Kd7 42. Qf7+ Kd6 43. Qd5+ Ke7 44. Qb7+ Kf6 45. Qc6+ Ke7 46. Qc7+ Kf6 47. Qd6+ Kg7 48. Qe7+ Kh6 49. Qg5+ Kg7 50. Bg4 Bxg1 51. Qe7+ Kh6 52. Qf8+ Kg5 53. Bxf5+ Kf4 54. Rxg1 Ke3 55. Rxe1+ Kd4 56. Rxe5 Kc3 57. Re6 Kb2 58. Qg7+ Ka3 59. Qxg6 Kb3 60. Qf6 Kxb4 61. Qe5 Ka4 62. Qe3 Kb4 63. Qe4+ Ka5 64. Qd5+ Kb4 65. Re4+ 1-0

[Event "Bullet Chess Championship"]
[Site "Chess.com INT"]
[Date "2023.07.18"]
[Round "13"]
[White "Alireza Firouzja"]
[Black "Olexandr Bortnyk"]
[Result "1-0"]
[EventDate "?"]
[WhiteElo "2777"]
[BlackElo "2607"]
[PlyCount "92"]

1. e4 Nf6 2. e5 Nd5 3. d4 d6 4. c4 Nb6 5. exd6 exd6 6. h3 Be7 7. Nf3 O-O 8. Bd3 Nc6 9. O-O Nb4 10. Be2 Bf5 11. Na3 Bf6 12. Bd2 a5 13. Bc3 Re8 14. Qd2 Qd7 15. Rfe1 h6 16. d5 Bxc3 17. bxc3 Na6 18. Nd4 Re7 19. Bf3 Rae8 20. Rxe7 Rxe7 21. Re1 Rxe1+ 22. Qxe1 Bg6 23. Bg4 Qa4 24. Nab5 Qxc4 25. h4 Qxd5 26. Qe7 Qe4 27. Qd8+ Kh7 28. Bf3 Qe1+ 29. Kh2 Qe5+ 30. Kg1 Nd5 31. Ne2 a4 32. c4 Nf6 33. Nxc7 Nxc7 34. Qxc7 Qa1+ 35. Kh2 Qxa2 36. Nf4 a3 37. h5 Bf5 38. Qxf7 Qxf2 39. Ng6 Bxg6 40. hxg6+ Kh8 41. Qe7 Qh4+ 42. Kg1 Qd4+ 43. Kh1 Qe5 44. Kg1 Ng8 45. Qf7 Qc5+ 46. Kh2 1-0

[Event "Bullet Chess Championship"]
[Site "Chess.com INT"]
[Date "2023.07.18"]
[Round "13"]
[White "Olexandr Bortnyk"]
[Black "Alireza Firouzja"]
[Result "0-1"]
[EventDate "?"]
[WhiteElo "2607"]
[BlackElo "2777"]
[PlyCount "134"]

1. e4 e5 2. Nf3 Nc6 3. Bb5 a6 4. Ba4 Nf6 5. Nc3 Be7 6. d3 O-O 7. Bxc6 dxc6 8. Nxe5 Re8 9. Nf3 Bg4 10. h3 Bh5 11. Be3 Nd7 12. g4 Bg6 13. Qd2 a5 14. O-O-O a4 15. h4 h5 16. Rdg1 a3 17. b3 Bb4 18. Bd4 c5 19. Bxg7 Kxg7 20. gxh5 Qf6 21. hxg6 Bxc3 22. Qe3 Bb4 23. Kd1 Rh8 24. h5 Rh6 25. gxf7+ Kxf7 26. Ke2 Re8 27. Rg5 Ke7 28. Rf5 Qh8 29. Qg5+ Kd6 30. Rg1 Kc6 31. Qxh6+ Qxh6 32. Rg6+ Qxg6 33. hxg6 Rg8 34. Rg5 Bc3 35. Rg4 Kd6 36. Nh4 Ke6 37. Nf5 Ne5 38. Rg3 Rxg6 39. Ne3 Rxg3 40. fxg3 Nc6 41. Nd5 Bb2 42. Nxc7+ Kd7 43. Nb5 Nb4 44. c3 Nxa2 45. Kd2 Nc1 46. Kc2 Nxd3 47. Nxa3 Bxa3 48. Kxd3 Ke6 49. Kc4 Ke5 50. b4 cxb4 51. cxb4 Bb2 52. g4 Kxe4 53. Kc5 Bd4+ 54. Kd6 b6 55. Kc6 Kf4 56. g5 Kxg5 57. Kd5 Be3 58. b5 Kf4 59. Kc4 Ke4 60. Kc3 Kd5 61. Kb3 Kc5 62. Ka4 Kc4 63. Ka3 Kxb5 64. Kb3 Kc5 65. Ka2 b5 66. Kb1 Kb6 67. Kb2 Ka6 0-1

[Event "Bullet Chess Championship"]
[Site "Chess.com INT"]
[Date "2023.07.18"]
[Round "13"]
[White "Alireza Firouzja"]
[Black "Olexandr Bortnyk"]
[Result "1-0"]
[EventDate "?"]
[WhiteElo "2777"]
[BlackElo "2607"]
[PlyCount "86"]

1. e4 Nf6 2. e5 Nd5 3. d4 d6 4. c4 Nb6 5. exd6 exd6 6. h3 Be7 7. Nf3 O-O 8. Bd3 Nc6 9. Nc3 Bf6 10. O-O Re8 11. Be3 Nb4 12. Be2 Bf5 13. a3 Nc2 14. Rc1 Nxe3 15. fxe3 Rxe3 16. Qd2 Re8 17. Bd3 Bg6 18. Bxg6 hxg6 19. Qd3 Qd7 20. Ne4 Qf5 21. Nfg5 Bxg5 22. Rxf5 Bxc1 23. Rf1 Bh6 24. Qf3 f5 25. Nc3 c6 26. Qg3 Kh7 27. h4 Nxc4 28. h5 gxh5 29. Rxf5 Re3 30. Qh4 Rae8 31. Rxh5 Re1+ 32. Kh2 Ne3 33. Qf4 Nf1+ 34. Kh3 R1e3+ 35. Kh4 Rg3 36. Rxh6+ gxh6 37. Qf7+ Rg7 38. Qxe8 Ng3 39. Qe6 a5 40. Ne4 Nxe4 41. Qxe4+ Kg8 42. g4 Rf7 43. Qg6+ 1-0

[Event "Bullet Chess Championship"]
[Site "Chess.com INT"]
[Date "2023.07.18"]
[Round "13"]
[White "Olexandr Bortnyk"]
[Black "Alireza Firouzja"]
[Result "0-1"]
[EventDate "?"]
[WhiteElo "2607"]
[BlackElo "2777"]
[PlyCount "144"]

1. e4 e5 2. Nf3 Nc6 3. Bb5 a6 4. Ba4 Nf6 5. Nc3 Be7 6. d3 d6 7. h3 O-O 8. Be3 b5 9. Bb3 Na5 10. O-O Nxb3 11. axb3 Be6 12. d4 exd4 13. Nxd4 Bd7 14. Qf3 Re8 15. Rfd1 h6 16. Nf5 Bf8 17. Bd4 b4 18. Nxh6+ Kh7 19. Nxf7 Qe7 20. Ng5+ Kg8 21. Bxf6 Qxf6 22. Qxf6 gxf6 23. Nd5 fxg5 24. Nxc7 Rac8 25. Nxe8 Bxe8 26. Rd2 Bb5 27. Re1 Kf7 28. e5 dxe5 29. Rxe5 Be7 30. Rf5+ Ke6 31. Rf3 Bf6 32. Re3+ Kf7 33. Rf3 Ke6 34. Re3+ Kf7 35. g3 Bxb2 36. Rf3+ Ke6 37. Re3+ Kf7 38. Kh2 Bc3 39. Rd5 Bf6 40. Rf3 Bc6 41. Rc5 Ke6 42. Rd3 Be7 43. Re3+ Kd6 44. Rc4 a5 45. Rd3+ Ke6 46. Re3+ Kd7 47. h4 gxh4 48. Rd3+ Bd6 49. Rxh4 Re8 50. Rh7+ Re7 51. Rxe7+ Kxe7 52. Re3+ Kd7 53. Rd3 a4 54. bxa4 Bxa4 55. Rd2 Kc6 56. Kg2 Be5 57. Re2 Bc3 58. g4 Bb5 59. f3 Bxe2 60. g5 Bd1 61. g6 Bxc2 62. Kf2 Bxg6 63. Ke3 Bc2 64. f4 b3 65. f5 b2 66. Kf4 b1=Q 67. Kg5 Qe1 68. f6 Qe5+ 69. Kh6 Qxf6+ 70. Kh5 Qg6+ 71. Kh4 Be5 72. Kh3 Qg3# 0-1

[Event "Bullet Chess Championship"]
[Site "Chess.com INT"]
[Date "2023.07.18"]
[Round "13"]
[White "Alireza Firouzja"]
[Black "Olexandr Bortnyk"]
[Result "1/2-1/2"]
[EventDate "?"]
[WhiteElo "2777"]
[BlackElo "2607"]
[PlyCount "30"]

1. e4 Nf6 2. e5 Nd5 3. d4 d6 4. c4 Nb6 5. exd6 exd6 6. Nc3 Be7 7. h3 O-O 8. Nf3 Nc6 9. Bd3 Nb4 10. Be2 Bf5 11. O-O Nc2 12. Rb1 Nb4 13. Ra1 Nc2 14. Rb1 Nb4 15. Ra1 1/2-1/2

[Event "Bullet Chess Championship"]
[Site "Chess.com INT"]
[Date "2023.07.18"]
[Round "13"]
[White "Olexandr Bortnyk"]
[Black "Alireza Firouzja"]
[Result "1-0"]
[EventDate "?"]
[WhiteElo "2607"]
[BlackElo "2777"]
[PlyCount "100"]

1. e4 e5 2. Nf3 Nc6 3. Bb5 a6 4. Ba4 Nf6 5. Qe2 Bd6 6. O-O O-O 7. c3 Ne7 8. d3 Ng6 9. Rd1 c6 10. Nbd2 Bc7 11. Nf1 d5 12. h3 Be6 13. Ng3 h6 14. Bc2 Re8 15. a4 Qe7 16. Be3 Rad8 17. a5 dxe4 18. dxe4 Rxd1+ 19. Qxd1 Rd8 20. Qe2 Qd7 21. b4 Kh7 22. Rd1 Qc8 23. Rxd8 Qxd8 24. Nf5 Kg8 25. Nd2 Qd7 26. Qf3 Kh7 27. Nxh6 gxh6 28. Qxf6 Bd8 29. Qf3 Bg5 30. Bxg5 hxg5 31. Qe3 f6 32. Qd3 Qe7 33. Nf1 Nf4 34. Qf3 Bc4 35. Ng3 Qd7 36. Qd1 Qxd1+ 37. Bxd1 Nd3 38. Bg4 Nb2 39. Bc8 Na4 40. Bxb7 Nxc3 41. Bxc6 Na2 42. b5 Nb4 43. Nf5 axb5 44. Bd7 Na6 45. Nd6 Nc5 46. Bxb5 Bxb5 47. Nxb5 Kg7 48. Nc7 Kf7 49. a6 Nd7 50. a7 1-0

[Event "Bullet Chess Championship"]
[Site "Chess.com INT"]
[Date "2023.07.18"]
[Round "13"]
[White "Alireza Firouzja"]
[Black "Olexandr Bortnyk"]
[Result "1-0"]
[EventDate "?"]
[WhiteElo "2777"]
[BlackElo "2607"]
[PlyCount "94"]

1. e4 Nf6 2. e5 Nd5 3. d4 d6 4. c4 Nb6 5. exd6 exd6 6. Nf3 Be7 7. h3 O-O 8. Bd3 Nc6 9. O-O Nb4 10. Be2 Bf5 11. Na3 Bf6 12. Bd2 a5 13. Bc3 Re8 14. Qd2 Qd7 15. Rfe1 h6 16. Bf1 Rxe1 17. Rxe1 Qa4 18. Nb5 Nxa2 19. Nxc7 Rc8 20. c5 dxc5 21. dxc5 Nxc3 22. cxb6 Ne4 23. Qd5 g6 24. Qxb7 Qc2 25. Re2 Qc1 26. Rxe4 Qxb2 27. g4 Bxe4 28. Qxc8+ Kh7 29. Qd7 Bxf3 30. Qxf7+ Kh8 31. Ne8 Bd4 32. Qf8+ Kh7 33. Qf7+ Kh8 34. Qxf3 Qxb6 35. Qf8+ Kh7 36. Bc4 Bxf2+ 37. Qxf2 Qxf2+ 38. Kxf2 a4 39. Nf6+ Kg7 40. Ne4 a3 41. Ke3 h5 42. g5 Kf8 43. Kd4 Ke7 44. Ke5 a2 45. Bxa2 h4 46. Bb3 Kf8 47. Kf6 1-0